Sebuah tjap keradjaan / (Record no. 57986)

MARC details
000 -LEADER
fixed length control field 00506cam a22001931i 4500
001 - CONTROL NUMBER
control field sa 64003521
003 - CONTROL NUMBER IDENTIFIER
control field DLC
005 - DATE AND TIME OF LATEST TRANSACTION
control field 20260227112018.0
008 - FIXED-LENGTH DATA ELEMENTS--GENERAL INFORMATION
fixed length control field 830310s1962 io 000 0 ind
010 ## - LIBRARY OF CONGRESS CONTROL NUMBER
LC control number sa 64003521
035 ## - SYSTEM CONTROL NUMBER
System control number (OCoLC)9297251
040 ## - CATALOGING SOURCE
Original cataloging agency DLC
Transcribing agency OAU
Modifying agency DLC
042 ## - AUTHENTICATION CODE
Authentication code premarc
050 00 - LIBRARY OF CONGRESS CALL NUMBER
Classification number PL5089.A1
Item number S4
245 00 - TITLE STATEMENT
Title Sebuah tjap keradjaan /
Statement of responsibility, etc. ditjeritakan oleh O. K. T.
260 ## - PUBLICATION, DISTRIBUTION, ETC.
Place of publication, distribution, etc. Djakarta :
Name of publisher, distributor, etc. Mekar Djaja,
Date of publication, distribution, etc. 1962.
300 ## - PHYSICAL DESCRIPTION
Extent 11 pts. in 1 v. ;
Dimensions 18 cm.
700 1# - ADDED ENTRY--PERSONAL NAME
Personal name T., O. K.

No items available.

Powered by Koha